000
00307nam a2200133Ia 4500
008
240703s9999 xx 000 0 und d
041
_a
eng
100
_a
Lizabeth Cohen
245
_a
A Consumers Republic
260
_b
Vintage
_c
2004
365
_c
_b
1,639.18
906
_b
33
999
_c
40899
_d
40899